Komentované vydání normy ČSN EN ISO 14001:2016 systémy environmentálneho managementu - požiadavky s návodem na použití
Salvato in:
| Autore principale: | |
|---|---|
| Altri autori: | , , |
| Natura: | Libro |
| Lingua: | ceco inglese |
| Pubblicazione: |
Praha
Česká společnost pro jakost
2016
|
| Soggetti: | |
| Tags: |
Nessun Tag, puoi essere il primo ad aggiungerne!!
|
MARC
| LEADER | 00000nam a2200000 4500 | ||
|---|---|---|---|
| 001 | 0220615 | ||
| 005 | 20240104131512.9 | ||
| 020 | |a 978-80-02-02643-3 | ||
| 041 | 0 | |a cze | |
| 041 | 0 | |a eng | |
| 044 | |a CZ | ||
| 245 | 1 | 0 | |a Komentované vydání normy ČSN EN ISO 14001:2016 |b systémy environmentálneho managementu - požiadavky s návodem na použití |c Miroslav Krčma, Zuzana Kubínová, Zdeněk Suchánek, Zdeněk Šantora |
| 264 | 1 | |a Praha |b Česká společnost pro jakost |c 2016 | |
| 300 | |a 124 s. | ||
| 610 | 2 | 0 | |a normy |
| 610 | 2 | 0 | |a systémy riadenia |
| 610 | 2 | 0 | |a manažment environmentálny |
| 610 | 2 | 0 | |a modelovanie |
| 100 | 1 | |a Krčma, Miroslav | |
| 700 | 1 | |a Kubínová, Zuzana | |
| 700 | 1 | |a Suchánek, Zdeněk | |
| 700 | 1 | |a Šantora, Zdeněk | |